Väzby architektúry /

Salvato in:
Dettagli Bibliografici
Autore principale: Beisetzer, Ladislav (Autore)
Natura: Manoscritto Libro
Lingua:slovacco
Pubblicazione: Bratislava : Slovenská vysoká škola technická v Bratislave, Fakulta architektúry, marec 1977
Soggetti:
Tags: Aggiungi Tag
Nessun Tag, puoi essere il primo ad aggiungerne!!

MARC

LEADER 00000ntm a22000003a 4500
001 0112488
003 SK-STU
005 20241121154704.1
007 ta
008 241121s2024----xo-----f-mn---000-0-slo-d
040 |a STU  |b slo 
041 0 |a slo 
044 |a xo  |c SK 
100 1 |a Beisetzer, Ladislav  |4 aut 
245 1 0 |a Väzby architektúry /  |c aut. Ladislav Beisetzer 
260 |a Bratislava :  |b Slovenská vysoká škola technická v Bratislave, Fakulta architektúry,  |c marec 1977 
300 |a 225 s. 
650 0 7 |a architektonické konštrukcie a projektovanie 
650 0 7 |a architektonické navrhovanie 
650 0 7 |a architektonická tvorba 
650 0 7 |a prostriedky 
650 0 7 |a teória architektúry 
996 |b 284AU10056  |c A* 138/V  |l AAKNST  |s P  |a 0  |w 0112488_0001